000 00417nam a2200145 a 4500
001 000032661
005 20200930065749.0
008 110725s1933 dr r 000 0 spa d
040 _aDO-SdBNP
_bspa
_cBNPHU
082 _axxx
_bL215c
100 1 _aLamarche, Enriqueta T. de,
_958544
245 1 0 _aCrisoles interiores /
_cEnriqueta T. de Lamarche.
260 _aSanto Domingo :
_b[s.n],
_c1933.
300 _a52 p. ;
_c21 cm.
999 _c32152
_d32152